MARC

LEADER 00000nam0a2200000 4500
001 248476
005 20231101232406.0
035 |a (RuTPU)RU\TPU\book\270280 
035 |a RU\TPU\book\194085 
090 |a 248476 
100 |a 20100414d1988 k y0rusy50 ca 
101 0 |a rus 
102 |a RU 
105 |a a z 001zy 
200 1 |a Формирование берегов Ангаро-Енисейских водохранилищ  |f Академия наук СССР (АН СССР), Сибирское отделение (СО) ; отв. ред. Г. С. Золотарев , В. С. Кусковский 
210 |a Новосибирск  |c Наука  |d 1988 
215 |a 112 с.  |c ил. 
225 1 |a Труды Института геологии и геофизики  |v Вып. 725 
320 |a Библиография в конце статей 
606 1 |a Берега водохранилищ  |x Деформация  |x Гидротехническое строительство  |2 stltpush  |3 (RuTPU)RU\TPU\subj\28225  |9 51784 
606 1 |a Берега водохранилищ  |x Формирование  |x (гидрогеология)  |2 stltpush  |3 (RuTPU)RU\TPU\subj\28227  |9 51786 
610 1 |a гидрогеология 
610 1 |a подземные воды 
610 1 |a мелиорация 
610 1 |a мелиорированная почва 
610 1 |a рациональное использование 
610 1 |a геологические исследования 
610 1 |a прогнозы 
610 1 |a инженерная защита 
610 1 |a инженерные изыскания 
675 |a 627.81  |v 3 
675 |a 556.557  |v 3 
702 1 |a Золотарев  |b Г. С.  |4 340 
702 1 |a Кусковский  |b В. С.  |4 340 
712 0 2 |a Академия наук СССР (АН СССР)  |b Сибирское отделение (СО)  |c (Новосибирск)  |2 stltpush  |3 (RuTPU)RU\TPU\col\11215 
801 1 |a RU  |b 63413507  |c 20140123 
801 2 |a RU  |b 63413507  |c 20181024  |g RCR 
942 |c BK